<?xml version="1.0" encoding="UTF-8"?>
<record
    xmlns:xsi="http://www.w3.org/2001/XMLSchema-instance"
    xsi:schemaLocation="http://www.loc.gov/MARC21/slim http://www.loc.gov/standards/marcxml/schema/MARC21slim.xsd"
    xmlns="http://www.loc.gov/MARC21/slim">

  <leader>01919nam a2200313 u 4500</leader>
  <controlfield tag="001">895395</controlfield>
  <controlfield tag="005">20260506152832.0</controlfield>
  <controlfield tag="008">041019nuuuuuuuu                    spa  </controlfield>
  <datafield tag="035" ind1=" " ind2=" ">
    <subfield code="a">895395</subfield>
  </datafield>
  <datafield tag="035" ind1=" " ind2=" ">
    <subfield code="a">(OCoLC)777886409</subfield>
  </datafield>
  <datafield tag="040" ind1=" " ind2=" ">
    <subfield code="c">comduadb</subfield>
  </datafield>
  <datafield tag="041" ind1=" " ind2=" ">
    <subfield code="a">spa</subfield>
  </datafield>
  <datafield tag="080" ind1=" " ind2=" ">
    <subfield code="a">G</subfield>
  </datafield>
  <datafield tag="082" ind1=" " ind2="4">
    <subfield code="a">323</subfield>
  </datafield>
  <datafield tag="110" ind1="2" ind2="0">
    <subfield code="a">Seminario Estado, Derechos Humanos y Poderes Locales (2001 : Bogot&#xE1;, Colombia)</subfield>
    <subfield code="4">aut</subfield>
    <subfield code="e">aut</subfield>
    <subfield code="9">832129</subfield>
  </datafield>
  <datafield tag="245" ind1="1" ind2="0">
    <subfield code="a">Seminario "Estado, Derechos Humanos y Poderes Locales" Memorias</subfield>
  </datafield>
  <datafield tag="260" ind1=" " ind2=" ">
    <subfield code="a">Bogot&#xE1; :</subfield>
    <subfield code="b">Comit&#xE9; Permanente por la Defensa de los Derechos Humanos ;</subfield>
    <subfield code="b">ILSA ;</subfield>
    <subfield code="b">Corporacion Colectivo de Abogados "Jos&#xE9; Alvear Restrepo",</subfield>
    <subfield code="c">2001.</subfield>
  </datafield>
  <datafield tag="300" ind1=" " ind2=" ">
    <subfield code="a">140 p&#xE1;ginas :</subfield>
    <subfield code="b">ilustraciones</subfield>
  </datafield>
  <datafield tag="520" ind1="3" ind2=" ">
    <subfield code="a">Colombia vive una de las m&#xE1;s dif&#xED;ciles situaciones en materia de derechos humanos.  Los muertos por causa violenta est&#xE1;n en el orden de los 30.000 al a&#xF1;o, peoducto de una violencia social end&#xE9;mica, con un fuerte componente de violencia pol&#xED;tica en un contexto de guerra.  en esa confrontaci&#xF3;n las v&#xED;ctimas son, en su mayor&#xED;a, civiles : campesinos de las &#xE1;reas apartadas, gente que trabaja por los derechos humanos y otro buen n&#xFA;mero de personas v&#xED;ctimas de un tipo de violencia socio-pol&#xED;tica, que llamamos inadecuadamente "de limpiezza social", y que constituyen el conjunto de las violencias que todos sufrimos.  el estado se ha mostrado impotente para enfrentar esta situaci&#xF3;n a pesar de las recomendaciones y las exigencias de la comunidad internacional...</subfield>
  </datafield>
  <datafield tag="650" ind1=" " ind2="7">
    <subfield code="a">Derechos humanos</subfield>
    <subfield code="2">lemb</subfield>
    <subfield code="9">30097</subfield>
  </datafield>
  <datafield tag="650" ind1=" " ind2=" ">
    <subfield code="a">Am&#xE9;rica Latina - Aspectos socioculturales</subfield>
    <subfield code="9">143548</subfield>
  </datafield>
  <datafield tag="650" ind1=" " ind2="7">
    <subfield code="a">Estado</subfield>
    <subfield code="2">lemb</subfield>
    <subfield code="9">4297</subfield>
  </datafield>
  <datafield tag="650" ind1=" " ind2=" ">
    <subfield code="a">Poder local</subfield>
    <subfield code="9">150264</subfield>
  </datafield>
  <datafield tag="650" ind1=" " ind2="7">
    <subfield code="a">Paramilitarismo</subfield>
    <subfield code="z">Colombia</subfield>
    <subfield code="2">lemb</subfield>
    <subfield code="9">152706</subfield>
  </datafield>
  <datafield tag="650" ind1=" " ind2=" ">
    <subfield code="a">Acto Legislativo 1 de 2001</subfield>
    <subfield code="9">85177</subfield>
  </datafield>
  <datafield tag="650" ind1=" " ind2="7">
    <subfield code="a">Derechos humanos</subfield>
    <subfield code="z">Colombia</subfield>
    <subfield code="2">lemb</subfield>
    <subfield code="9">187388</subfield>
  </datafield>
  <datafield tag="700" ind1="1" ind2="0">
    <subfield code="a">Mu&#xF1;oz Giraldo, Wilson</subfield>
    <subfield code="4">edt</subfield>
    <subfield code="e">edt</subfield>
    <subfield code="9">654407</subfield>
  </datafield>
  <datafield tag="942" ind1=" " ind2=" ">
    <subfield code="c">BOOK</subfield>
  </datafield>
  <datafield tag="999" ind1=" " ind2=" ">
    <subfield code="c">324907</subfield>
    <subfield code="d">324907</subfield>
  </datafield>
  <datafield tag="952" ind1=" " ind2=" ">
    <subfield code="0">0</subfield>
    <subfield code="1">0</subfield>
    <subfield code="4">0</subfield>
    <subfield code="7">0</subfield>
    <subfield code="8">GEN</subfield>
    <subfield code="a">BC</subfield>
    <subfield code="b">BC</subfield>
    <subfield code="d">2013-09-19</subfield>
    <subfield code="e">Material adquirido por donaci&#xF3;n</subfield>
    <subfield code="i">C1186925</subfield>
    <subfield code="l">0</subfield>
    <subfield code="o">323.4 S471e</subfield>
    <subfield code="p">0980733</subfield>
    <subfield code="r">2023-04-25 00:00:00</subfield>
    <subfield code="t">1</subfield>
    <subfield code="w">2023-04-25</subfield>
    <subfield code="y">BOOK</subfield>
  </datafield>
  <datafield tag="952" ind1=" " ind2=" ">
    <subfield code="0">0</subfield>
    <subfield code="1">0</subfield>
    <subfield code="2">ddc</subfield>
    <subfield code="4">0</subfield>
    <subfield code="7">0</subfield>
    <subfield code="8">GENERAL</subfield>
    <subfield code="a">PTOBE</subfield>
    <subfield code="b">PTOBE</subfield>
    <subfield code="d">2004-10-19</subfield>
    <subfield code="i">C843240</subfield>
    <subfield code="l">0</subfield>
    <subfield code="o">323.4 S471</subfield>
    <subfield code="p">0556144</subfield>
    <subfield code="r">2023-04-25 00:00:00</subfield>
    <subfield code="t">1</subfield>
    <subfield code="w">2023-04-25</subfield>
    <subfield code="y">BOOK</subfield>
  </datafield>
  <datafield tag="952" ind1=" " ind2=" ">
    <subfield code="0">0</subfield>
    <subfield code="1">0</subfield>
    <subfield code="4">0</subfield>
    <subfield code="7">0</subfield>
    <subfield code="8">GENERAL</subfield>
    <subfield code="a">INER</subfield>
    <subfield code="b">INER</subfield>
    <subfield code="d">2009-10-21</subfield>
    <subfield code="i">C1071103</subfield>
    <subfield code="l">0</subfield>
    <subfield code="o">G/1661</subfield>
    <subfield code="p">0640200</subfield>
    <subfield code="r">2023-04-25 00:00:00</subfield>
    <subfield code="t">2</subfield>
    <subfield code="w">2023-04-25</subfield>
    <subfield code="y">BOOK</subfield>
  </datafield>
</record>
